| 000 | 00985nam a2200289Ia 4500 | ||
|---|---|---|---|
| 001 | 34779 | ||
| 003 | IT-RoPAU | ||
| 005 | 20220918175944.0 | ||
| 008 | 130308s9999 xx 000 0 und d | ||
| 040 | _aIT-RoPAU | ||
| 040 | _cIT-RoPAU | ||
| 041 | _aITALIANO | ||
| 999 |
_c38210 _d38210 |
||
| 999 | _bSI | ||
| 100 |
_aAllorto Riccardo _936357 |
||
| 100 |
_gCodice Aut. SPICS: 9977 _936358 |
||
| 245 | _aStrumenti musicali (Gli) R.A. | ||
| 245 | _bMusica (La)-Ascoltare per comprendere (Con 7 Cassette) | ||
| 250 | _a1a ed. | ||
| 260 | _aMILANO | ||
| 260 | _bFonit Cetra/Ricordi | ||
| 260 | _c1985 [1° Ed.:1985 - Ed.Ling.Originale:1985] | ||
| 300 | _a"12 p. (prefazione: no ; testo: 12)" | ||
| 500 | _aMusiche con vari Strumenti Musicali Strumenti Ad Arco viola Violino Violoncello Contrabbasso Legni Strumenti a Fiato Ottoni Saxofono Strumenti a Tastiera Strumenti a Percussione | ||
| 650 |
_aEDUCAZIONE ALLA MUSICA _936359 |
||
| 650 |
_eCodice materia Spics: 7012 _936360 |
||
| 942 |
_cBK _2ddc |
||